| 000 | 00738nam a22002537a 4500 | ||
|---|---|---|---|
| 005 | 20221017101324.0 | ||
| 008 | 221017b ||||| |||| 00| 0 eng d | ||
| 020 | _a8175256524 | ||
| 040 | _cAL | ||
| 041 | _aeng | ||
| 082 |
_223 _a759.954 _bNAVI |
||
| 100 |
_aRanganath R Navalgund _959666 |
||
| 245 |
_aImages India: _bRediscovering India a journey through space images |
||
| 260 |
_aHyderabad _bNational Remote Sensing Agency _c2006 |
||
| 300 |
_aviii,201p. _bHB _c37x28cm. |
||
| 365 | _2Others | ||
| 650 |
_aLands _959667 |
||
| 650 |
_aWaters _959668 |
||
| 650 |
_aOceans and Coasts _959669 |
||
| 650 |
_aEnvironment _959670 |
||
| 650 |
_aGlobal Perspectiv _959671 |
||
| 700 |
_aNAVALGUND (Rangnath) _959672 |
||
| 942 |
_2ddc _cGF |
||
| 999 |
_c224857 _d224857 |
||